[Event "Winnipeg TNT 2019.01"]
[Site "Winnipeg CAN"]
[Date "2019.01.08"]
[Round "1.4"]
[White "Czarny, Keith"]
[Black "Prince, Colin"]
[Result "0-1"]
[WhiteElo "1635"]
[BlackElo "1883"]
[PlyCount "52"]
[EventDate "2019.01.08"]
[EventType "swiss"]
[EventRounds "4"]
[EventCountry "CAN"]

1. c4 e5 2. Nc3 Nf6 3. g3 Bc5 4. Bg2 c6 5. e3 Bb6 6. Nge2 d5 7. cxd5 cxd5 8.
O-O Nc6 9. b3 Be6 10. Na4 Nd7 11. Nxb6 axb6 12. Bb2 Nb4 13. a4 Nd3 14. Ba3 N7c5
15. Nc3 d4 16. Qb1 dxc3 17. dxc3 Bxb3 18. Bxc5 Nxc5 19. Qb2 O-O 20. Ra3 Bc4 21.
Rb1 Rxa4 22. Rxa4 Nxa4 23. Qb4 b5 24. Bxb7 Qd2 25. Bf3 Nxc3 26. Rb2 Qe1+ 0-1

[Event "Winnipeg TNT 2019.01"]
[Site "Winnipeg CAN"]
[Date "2019.01.08"]
[Round "1.6"]
[White "Furda, Ievgeniia-Diana"]
[Black "Bince, Rolando"]
[Result "0-1"]
[WhiteElo "1566"]
[BlackElo "1848"]
[PlyCount "118"]
[EventDate "2019.01.08"]
[EventType "swiss"]
[EventRounds "4"]
[EventCountry "CAN"]

1. e4 e6 2. d4 d5 3. Nc3 dxe4 4. Nxe4 Nf6 5. Nc3 Bb4 6. Bg5 h6 7. Be3 c6 8.
Nge2 Nbd7 9. g3 Nd5 10. Bd2 Qa5 11. Nxd5 Bxd2+ 12. Qxd2 Qxd5 13. Rg1 Nb6 14.
Nc3 Qa5 15. O-O-O Bd7 16. a3 O-O-O 17. Ne4 Qxd2+ 18. Rxd2 Kc7 19. c4 f5 20. Nc5
Rhe8 21. Be2 g6 22. Rgd1 Bc8 23. b3 a5 24. Kc2 Na8 25. Kc3 e5 26. d5 cxd5 27.
cxd5 Rd6 28. Bb5 Re7 29. Bc4 Nb6 30. Re1 Bd7 31. f3 Nxc4 32. bxc4 b5 33. Rde2
bxc4 34. Kxc4 Rb6 35. Nd3 Bb5+ 36. Kc3 Bxd3 37. Kxd3 Kd6 38. Kc4 Rc7+ 39. Kd3
Rb3+ 40. Kd2 Rb2+ 41. Kd3 Rxe2 42. Rxe2 g5 43. h4 Rc5 44. Rb2 Rxd5+ 45. Ke3 Kc5
46. hxg5 hxg5 47. Rc2+ Kb5 48. Rc3 Rc5 49. Rb3+ Ka4 50. Rd3 Rb5 51. g4 fxg4 52.
fxg4 Rb3 53. Rxb3 Kxb3 54. Ke4 Kxa3 55. Kxe5 Kb4 56. Kf5 a4 57. Kxg5 a3 58. Kf6
a2 59. g5 a1=Q+ 0-1

[Event "Winnipeg TNT 2019.01"]
[Site "Winnipeg CAN"]
[Date "2019.01.08"]
[Round "1.7"]
[White "Atem, James"]
[Black "Piche, Zachary"]
[Result "1-0"]
[WhiteElo "1810"]
[BlackElo "1504"]
[PlyCount "57"]
[EventDate "2019.01.08"]
[EventType "swiss"]
[EventRounds "4"]
[EventCountry "CAN"]

1. e4 c5 2. Nc3 d6 3. Nf3 Nf6 4. Bc4 Nc6 5. a3 Nxe4 6. Bxf7+ Kxf7 7. Nxe4 h6 8.
Nh4 Ne5 9. d4 cxd4 10. f4 e6 11. g3 Nd7 12. Qxd4 Nf6 13. Be3 b6 14. O-O Bb7 15.
Nc3 Be7 16. f5 e5 17. Qd2 Ng4 18. Ng6 Nxe3 19. Nxh8+ Qxh8 20. Qxe3 Bg5 21. Qd3
Qd8 22. Nd5 Qd7 23. h4 Bf6 24. c4 Rg8 25. Qf3 Qc6 26. Rac1 b5 27. Nxf6 Qc5+ 28.
Qf2 Qc6 29. Nd5 1-0

[Event "Winnipeg TNT 2019.01"]
[Site "Winnipeg CAN"]
[Date "2019.01.08"]
[Round "1.8"]
[White "Magyar, Peter"]
[Black "Paeldin, James"]
[Result "0-1"]
[WhiteElo "1501"]
[BlackElo "1751"]
[PlyCount "110"]
[EventDate "2019.01.08"]
[EventType "swiss"]
[EventRounds "4"]
[EventCountry "CAN"]

1. d4 d6 2. Bf4 c6 3. e3 Qc7 4. Nf3 Bg4 5. Be2 Nd7 6. h3 Bh5 7. Nbd2 Ngf6 8.
O-O e5 9. dxe5 dxe5 10. Bh2 Be7 11. Nc4 Bxf3 12. Bxf3 O-O 13. a3 Rad8 14. Nd2
b5 15. b4 Qb6 16. c3 Rfe8 17. Qc2 Bf8 18. Be4 g6 19. Rfe1 Bg7 20. Nb3 c5 21.
Nd2 c4 22. a4 a6 23. a5 Qa7 24. Bg3 Nxe4 25. Nxe4 f5 26. Nd2 e4 27. Rad1 Ne5
28. Bxe5 Rxe5 29. Nf1 Red5 30. Ng3 Rd3 31. Ne2 Qe7 32. Nd4 Bxd4 33. exd4 Qg5
34. Qc1 Qxc1 35. Rxc1 Kf8 36. Re3 Re8 37. Kf1 f4 38. Re2 g5 39. Ke1 f3 40. gxf3
exf3 41. Rxe8+ Kxe8 42. Kf1 Kf7 43. Kg1 Kf6 44. Kh2 h5 45. Kg3 Kf5 46. h4 g4
47. Kh2 Kf4 48. Rc2 Rd1 49. d5 Rxd5 50. Rc1 Rd2 51. Kg1 g3 52. fxg3+ Kxg3 53.
Rf1 Rg2+ 54. Kh1 Rh2+ 55. Kg1 f2+ 0-1

[Event "Winnipeg TNT 2019.01"]
[Site "Winnipeg CAN"]
[Date "2019.01.08"]
[Round "1.9"]
[White "Letain, Cory"]
[Black "Ott, Richard"]
[Result "1/2-1/2"]
[WhiteElo "1692"]
[BlackElo "1500"]
[PlyCount "119"]
[EventDate "2019.01.08"]
[EventType "swiss"]
[EventRounds "4"]
[EventCountry "CAN"]

1. e4 c5 2. Nf3 d6 3. d4 cxd4 4. Nxd4 Nf6 5. Nc3 g6 6. f3 Bg7 7. Be3 O-O 8. Qd2
Nc6 9. O-O-O Nxd4 10. Bxd4 Be6 11. g4 Qa5 12. Kb1 Rfc8 13. Nd5 Qd8 14. g5 Nxd5
15. exd5 Bf5 16. Rc1 Bxd4 17. Qxd4 Qa5 18. Bd3 Bh3 19. Rcg1 Qd2 20. Rd1 Qxg5
21. Rhg1 Qh6 22. f4 Qg7 23. Qe3 Bd7 24. Qxe7 f5 25. Qxd6 a5 26. Qe5 b5 27. d6
Re8 28. Qxg7+ Kxg7 29. Rge1 Rac8 30. Bf1 Kf8 31. Bg2 a4 32. Re5 Rc4 33. Rxe8+
Kxe8 34. Re1+ Kd8 35. Re7 Rd4 36. Kc1 h5 37. Rg7 Rxd6 38. Rg8+ Kc7 39. b3 axb3
40. axb3 Bc6 41. Bxc6 Kxc6 42. c4 bxc4 43. bxc4 Kc7 44. Kc2 Rd4 45. Kc3 Rxf4
46. Rxg6 Rg4 47. Rf6 f4 48. Kd3 h4 49. Ke4 f3+ 50. Kxf3 Rxc4 51. Rh6 Kd7 52.
Kg2 Ke7 53. Kh3 Kf7 54. Rxh4 Rc3+ 55. Kg2 Kf8 56. Ra4 Kf7 57. h4 Rc2+ 58. Kf3
Rc3+ 59. Ke2 Rh3 60. Kf2 1/2-1/2

[Event "Winnipeg TNT 2019.01"]
[Site "Winnipeg CAN"]
[Date "2019.01.08"]
[Round "1.10"]
[White "Gannon, Keith"]
[Black "MacPherson, Al"]
[Result "0-1"]
[WhiteElo "1495"]
[BlackElo "1680"]
[PlyCount "92"]
[EventDate "2019.01.08"]
[EventType "swiss"]
[EventRounds "4"]
[EventCountry "CAN"]

1. e4 c5 2. Nf3 d6 3. d4 cxd4 4. Nxd4 Nf6 5. Nc3 a6 6. Be2 b5 7. a3 Bb7 8. Bf3
Nbd7 9. O-O e6 10. Re1 Be7 11. Bg5 h6 12. Bh4 Rc8 13. Qd2 Ne5 14. Rab1 Qc7 15.
h3 Nxf3+ 16. Nxf3 O-O 17. Qd3 Rfd8 18. Rbd1 d5 19. exd5 Nxd5 20. Bxe7 Qxe7 21.
Nxd5 Bxd5 22. c3 Bb3 23. Nd4 Bxd1 24. Qxd1 Qf6 25. Qe2 Rd5 26. Qe4 Rcc5 27. f4
Qd8 28. g4 Qh4 29. Re3 Qd8 30. Kg2 Qd6 31. Kf3 e5 32. Nf5 Qd8 33. b4 Rc4 34.
Ne7+ Qxe7 35. Qxd5 Rxf4+ 36. Kg3 Rc4 37. Qa8+ Kh7 38. Qxa6 Qc7 39. Qxb5 Rxc3
40. Kf2 Rc2+ 41. Kf3 f6 42. a4 Qd8 43. a5 Qd1+ 44. Re2 Qf1+ 45. Ke3 Rc3+ 46.
Kd2 Qc1# 0-1

[Event "Winnipeg TNT 2019.01"]
[Site "Winnipeg CAN"]
[Date "2019.01.08"]
[Round "1.11"]
[White "Skop, Mike"]
[Black "Trueman, Francis"]
[Result "1/2-1/2"]
[WhiteElo "1667"]
[BlackElo "1354"]
[PlyCount "61"]
[EventDate "2019.01.08"]
[EventType "swiss"]
[EventRounds "4"]
[EventCountry "CAN"]

1. Nh3 Nf6 2. f3 d6 3. Nf2 g6 4. Na3 Bg7 5. c3 O-O 6. Nc2 Nbd7 7. e4 e5 8. g3
a5 9. Bg2 c6 10. O-O Re8 11. d4 h5 12. f4 exf4 13. Bxf4 Nf8 14. Qd2 Ne6 15.
Rae1 Nxf4 16. Qxf4 Nh7 17. Nh3 f6 18. e5 f5 19. exd6 Bd7 20. c4 g5 21. Rxe8+
Qxe8 22. Nxg5 Bh6 23. h4 Qg6 24. Ne3 Nxg5 25. hxg5 Bxg5 26. Qf2 Bxe3 27. Qxe3
Qxd6 28. Qg5+ Kf8 29. d5 cxd5 30. Bxd5 Qe5 31. Qg8+ 1/2-1/2

[Event "Winnipeg TNT 2019.01"]
[Site "Winnipeg CAN"]
[Date "2019.01.15"]
[Round "2.2"]
[White "MacPherson, Al"]
[Black "Abioye, Yemi"]
[Result "0-1"]
[WhiteElo "1680"]
[BlackElo "1935"]
[PlyCount "92"]
[EventDate "2019.01.08"]
[EventType "swiss"]
[EventRounds "4"]
[EventCountry "CAN"]

1. d4 c6 2. c4 d5 3. Nc3 Nf6 4. Nf3 e6 5. Bg5 Nbd7 6. e3 Bb4 7. a3 Bxc3+ 8.
bxc3 Qa5 9. Qb3 Ne4 10. Qb4 Qxb4 11. cxb4 Nxg5 12. Nxg5 a5 13. b5 dxc4 14. bxc6
bxc6 15. Bxc4 c5 16. dxc5 Nxc5 17. Bb5+ Bd7 18. Bxd7+ Nxd7 19. O-O Ke7 20. Ne4
Nf6 21. Nc3 Rhc8 22. Nb5 Rc5 23. a4 Rac8 24. Rfd1 Nd5 25. e4 Nb6 26. f3 Nxa4
27. Nd6 R8c6 28. Nb7 Rb5 29. Rxa4 Rxb7 30. Rxa5 Rc2 31. Kh1 Rbb2 32. Rg1 Kf6
33. h3 Rf2 34. Raa1 Ke5 35. Ra5+ Kf4 36. Rh5 h6 37. Rh4+ Ke3 38. e5 Rfe2 39.
Kh2 Kf2 40. Rg4 g6 41. f4 Re4 42. Rc1 h5 43. Rh4 Re1 44. Rxe1 Kxe1 45. Kg1 Rf2
46. g3 Ke2 0-1

[Event "Winnipeg TNT 2019.01"]
[Site "Winnipeg CAN"]
[Date "2019.01.15"]
[Round "2.3"]
[White "Prince, Colin"]
[Black "Atem, James"]
[Result "1/2-1/2"]
[WhiteElo "1883"]
[BlackElo "1810"]
[PlyCount "42"]
[EventDate "2019.01.08"]
[EventType "swiss"]
[EventRounds "4"]
[EventCountry "CAN"]

1. e4 c5 2. Nf3 g6 3. d4 Bg7 4. c3 cxd4 5. cxd4 Nf6 6. e5 Nd5 7. Bc4 Nb6 8. Bb3
Nc6 9. Nc3 Na5 10. Bc2 a6 11. Bf4 Qc7 12. Qc1 Qc4 13. Qd2 e6 14. Ne4 O-O 15. b3
Qc7 16. Bh6 Nd5 17. Rc1 Nc6 18. O-O Qa5 19. Qg5 Qd8 20. Qd2 Qa5 21. Qg5 Qd8
1/2-1/2

[Event "Winnipeg TNT 2019.01"]
[Site "Winnipeg CAN"]
[Date "2019.01.15"]
[Round "2.4"]
[White "Vight, Dylan"]
[Black "Proulx, Roy"]
[Result "0-1"]
[WhiteElo "1667"]
[BlackElo "1878"]
[PlyCount "70"]
[EventDate "2019.01.08"]
[EventType "swiss"]
[EventRounds "4"]
[EventCountry "CAN"]

1. e4 e6 2. d4 d5 3. e5 c5 4. Nf3 Nc6 5. Be2 cxd4 6. Nxd4 Nxe5 7. Bf4 Bd6 8.
Nb5 Bb8 9. Qd4 f6 10. Nd2 Ne7 11. Bxe5 Bxe5 12. Qb4 O-O 13. O-O-O Nc6 14. Qh4
a6 15. Nc3 Bxc3 16. bxc3 Qa5 17. Kb2 Bd7 18. Nb3 Qc7 19. Rd3 Na5 20. Rh3 h6 21.
Rg3 Kh8 22. f4 Nc4+ 23. Ka1 Nd6 24. Bg4 Ne4 25. Rf3 a5 26. Nd4 f5 27. Bh5 Qc4
28. Qh3 Rac8 29. Kb2 b5 30. Bg6 b4 31. Qh4 bxc3+ 32. Ka1 Qxd4 33. Rh3 Qf6 34.
Qxh6+ gxh6 35. Rxh6+ Kg7 0-1

[Event "Winnipeg TNT 2019.01"]
[Site "Winnipeg CAN"]
[Date "2019.01.15"]
[Round "2.5"]
[White "Bince, Rolando"]
[Black "Remillard, John"]
[Result "1-0"]
[WhiteElo "1848"]
[BlackElo "1660"]
[PlyCount "99"]
[EventDate "2019.01.08"]
[EventType "swiss"]
[EventRounds "4"]
[EventCountry "CAN"]

1. d4 e6 2. c4 c5 3. e3 cxd4 4. exd4 d5 5. Nf3 Bd7 6. Nc3 dxc4 7. Bxc4 Be7 8.
O-O Nf6 9. Bg5 Nc6 10. Rc1 Rc8 11. a3 Na5 12. Bd3 Nc4 13. Qe2 Nb6 14. Nb5 a6
15. Rxc8 Nxc8 16. Nc3 Nb6 17. Ne5 Nfd5 18. Qf3 O-O 19. Qh3 f5 20. Bxe7 Qxe7 21.
Qf3 Rc8 22. Bb1 Bc6 23. Rc1 Nxc3 24. Nxc6 Rxc6 25. bxc3 Qf7 26. Ba2 Nd5 27. c4
Nc7 28. h3 Kf8 29. Rb1 Ne8 30. Qb3 Nd6 31. Qb4 Qc7 32. c5 Ne4 33. Qxb7 Qxb7 34.
Rxb7 Nc3 35. Rb6 Ne2+ 36. Kf1 Nxd4 37. Rxc6 Nxc6 38. Bxe6 g6 39. Bc4 Nb8 40.
Ke2 Ke7 41. Kd3 Kd7 42. Bd5 a5 43. Kc4 h6 44. Kb5 Kc7 45. c6 a4 46. g3 g5 47.
Bf3 h5 48. h4 gxh4 49. gxh4 f4 50. Bg2 1-0

[Event "Winnipeg TNT 2019.01"]
[Site "Winnipeg CAN"]
[Date "2019.01.15"]
[Round "2.6"]
[White "Ott, Richard"]
[Black "Skop, Mike"]
[Result "0-1"]
[WhiteElo "1500"]
[BlackElo "1667"]
[PlyCount "66"]
[EventDate "2019.01.08"]
[EventType "swiss"]
[EventRounds "4"]
[EventCountry "CAN"]

1. d4 Na6 2. e4 c6 3. Nf3 g6 4. Be2 Nh6 5. Be3 f6 6. h3 Nf7 7. Nbd2 Nc7 8. c4
Bg7 9. Qc2 d6 10. d5 e5 11. g4 Bd7 12. O-O-O cxd5 13. exd5 f5 14. Bg5 Nxg5 15.
Nxg5 Qxg5 16. h4 Qf4 17. h5 Qxf2 18. Bd3 e4 19. Rde1 O-O-O 20. Be2 Rde8 21.
Rhf1 Qg3 22. c5 dxc5 23. Qxc5 Qe5 24. Nc4 Qxd5 25. Nd6+ Kb8 26. Qxd5 Nxd5 27.
Nxe8 Rxe8 28. hxg6 hxg6 29. Rd1 Bc6 30. Rh1 Ne3 31. Rd6 f4 32. Rxg6 Bd4 33. Rd6
Bc5 0-1

[Event "Winnipeg TNT 2019.01"]
[Site "Winnipeg CAN"]
[Date "2019.01.15"]
[Round "2.8"]
[White "Samson, Larry"]
[Black "Furda, Ievgeniia-Diana"]
[Result "1-0"]
[WhiteElo "1661"]
[BlackElo "1556"]
[PlyCount "77"]
[EventDate "2019.01.08"]
[EventType "swiss"]
[EventRounds "4"]
[EventCountry "CAN"]

1. e4 e5 2. Nf3 Nc6 3. Bb5 a6 4. Ba4 Nf6 5. O-O Nxe4 6. d4 b5 7. Bb3 Nf6 8.
dxe5 Ng8 9. c3 Nge7 10. Re1 h6 11. h3 Bb7 12. Bf4 Ng6 13. Bg3 Bc5 14. Nbd2 Qe7
15. Bc2 O-O-O 16. b4 Bb6 17. a4 h5 18. axb5 axb5 19. Qe2 h4 20. Bh2 Rde8 21.
Qxb5 Na7 22. Qc4 Nc6 23. Be4 Na7 24. Bxb7+ Kxb7 25. Qa6+ Kb8 26. Nc4 Qe6 27.
Nxb6 Qxb6 28. Qd3 Re7 29. Ra6 Qb7 30. Rea1 Nc6 31. Qd5 Kc8 32. Qc5 Rd8 33. b5
Nb8 34. Ra7 Qb6 35. Qd5 c6 36. bxc6 Qxc6 37. Qb3 Nf8 38. Nd4 Qe4 39. Qb6 1-0

[Event "Winnipeg TNT 2019.01"]
[Site "Winnipeg CAN"]
[Date "2019.01.15"]
[Round "2.9"]
[White "Melnyk, Jim"]
[Black "Magyar, Peter"]
[Result "0-1"]
[WhiteElo "1637"]
[BlackElo "1501"]
[PlyCount "80"]
[EventDate "2019.01.08"]
[EventType "swiss"]
[EventRounds "4"]
[EventCountry "CAN"]

1. e4 e6 2. Nc3 c5 3. Nf3 Nc6 4. d3 d6 5. g3 Be7 6. Bg2 e5 7. Be3 Nf6 8. h3 a6
9. Qd2 Be6 10. Ng5 Bd7 11. f4 h6 12. Nf3 Nd4 13. Ne2 Qb6 14. b3 Nh5 15. g4 Nxe2
16. gxh5 Ng3 17. fxe5 Nxh1 18. Bf4 Nf2 19. Qxf2 Qa5+ 20. Bd2 Qc7 21. Bf4 Rd8
22. Qg3 Be6 23. Qxg7 Kd7 24. exd6 Bxd6 25. Bxd6 Qxd6 26. Ne5+ Kc8 27. Nxf7 Bxf7
28. e5 Qc7 29. Qf6 Bxh5 30. Qf5+ Kb8 31. Qxh5 Qa5+ 32. Ke2 Qb6 33. Rf1 Rdg8 34.
Rf2 Rg5 35. Qf7 Rxe5+ 36. Be4 Rhe8 37. Kd1 R5e7 38. Qf4+ Ka8 39. c4 Qd8 40. a4
Rxe4 0-1

[Event "Winnipeg TNT 2019.01"]
[Site "Winnipeg CAN"]
[Date "2019.01.15"]
[Round "2.10"]
[White "Piche, Zachary"]
[Black "Czarny, Keith"]
[Result "0-1"]
[WhiteElo "1504"]
[BlackElo "1635"]
[PlyCount "80"]
[EventDate "2019.01.08"]
[EventType "swiss"]
[EventRounds "4"]
[EventCountry "CAN"]

1. Nf3 b6 2. c4 Bb7 3. d4 f5 4. g3 Nf6 5. Bg2 g6 6. Nc3 Bg7 7. O-O O-O 8. Bf4
d6 9. Qd2 Ne4 10. Nxe4 fxe4 11. Ng5 Bh6 12. Ne6 Bxf4 13. gxf4 Qd7 14. Nxf8 Kxf8
15. d5 Qf5 16. Qe3 e5 17. fxe5 Qxe5 18. Qxe4 Nd7 19. Qf3+ Kg7 20. Qc3 Qxc3 21.
bxc3 Ne5 22. f4 Nxc4 23. f5 Nd2 24. Rf2 gxf5 25. Bh3 Rf8 26. c4 Ba6 27. Rf3
Nxc4 28. Raf1 Nd2 29. Rg3+ Kh6 30. Rf4 Kh5 31. Bg4+ Kg5 32. e3 Ne4 33. Bxf5+
Nxg3 34. h4+ Kh6 35. Ra4 Nxf5 36. Rxa6 Nxe3 37. Rxa7 Nxd5 38. Ra3 Rf4 39. Rd3
Rg4+ 40. Kf2 Nf6 0-1

[Event "Winnipeg TNT 2019.01"]
[Site "Winnipeg CAN"]
[Date "2019.01.15"]
[Round "2.11"]
[White "Gregoryanz, Philipp"]
[Black "Gannon, Keith"]
[Result "1/2-1/2"]
[WhiteElo "1591"]
[BlackElo "1495"]
[PlyCount "130"]
[EventDate "2019.01.08"]
[EventType "swiss"]
[EventRounds "4"]
[EventCountry "CAN"]

1. e4 e5 2. Nf3 Nc6 3. Bc4 Bc5 4. d3 Nf6 5. Ng5 O-O 6. Nc3 h6 7. h4 d6 8. Nd5
Be6 9. Nxe6 fxe6 10. Nxf6+ Qxf6 11. f3 Bb4+ 12. Bd2 Bxd2+ 13. Qxd2 a6 14. O-O-O
b5 15. Bb3 Nd4 16. Rdf1 Nxb3+ 17. axb3 Qf4 18. g4 Qxd2+ 19. Kxd2 Rf7 20. Ke3 c5
21. Rf2 Rf4 22. g5 hxg5 23. hxg5 g6 24. Rfh2 Raf8 25. Rh8+ Kf7 26. R1h7+ Ke8
27. Rxf8+ Kxf8 28. Ra7 c4 29. bxc4 bxc4 30. dxc4 Rh4 31. Rxa6 Rh2 32. Rxd6 Rxc2
33. Rxe6 Kf7 34. Rxe5 Rxc4 35. Kd3 Rb4 36. Kc3 Ra4 37. b4 Ra3+ 38. Kc4 Rxf3 39.
b5 Rf1 40. b6 Rc1+ 41. Kd3 Rb1 42. Kd4 Rxb6 43. Kd5 Rb5+ 44. Kd4 Rb4+ 45. Kc5
Rb8 46. Kc6 Rc8+ 47. Kd7 Rg8 48. Rc5 Re8 49. e5 Re7+ 50. Kd6 Re6+ 51. Kd5 Re7
52. Rc1 Rd7+ 53. Kc6 Ke6 54. Re1 Rd2 55. Rf1 Kxe5 56. Rf6 Rg2 57. Rxg6 Rh2 58.
Kd7 Kf5 59. Rg8 Rh7+ 60. Ke8 Rh5 61. g6 Kf6 62. g7 Re5+ 63. Kd7 Re7+ 64. Kd6
Rxg7 65. Rf8+ Rf7 1/2-1/2

[Event "Winnipeg TNT 2019.01"]
[Site "Winnipeg CAN"]
[Date "2019.01.22"]
[Round "3.1"]
[White "Wiebe, Isaac"]
[Black "Proulx, Roy"]
[Result "1-0"]
[WhiteElo "2320"]
[BlackElo "1878"]
[PlyCount "47"]
[EventDate "2019.01.08"]
[EventType "swiss"]
[EventRounds "4"]
[EventCountry "CAN"]

1. e4 e6 2. d4 d5 3. Nc3 Nf6 4. Bg5 Be7 5. e5 Nfd7 6. h4 c5 7. Bxe7 Qxe7 8. Nb5
Na6 9. Nd6+ Kf8 10. Rh3 cxd4 11. Qxd4 f5 12. g4 g6 13. gxf5 gxf5 14. Rc3 Nb6
15. O-O-O Rg8 16. Rg3 Rxg3 17. fxg3 Nd7 18. Bxa6 bxa6 19. Nf3 h6 20. g4 fxg4
21. Qf4+ Kg8 22. Qxg4+ Kh8 23. Rg1 Qf8 24. Qg6 1-0

[Event "Winnipeg TNT 2019.01"]
[Site "Winnipeg CAN"]
[Date "2019.01.22"]
[Round "3.3"]
[White "Skop, Mike"]
[Black "Prince, Colin"]
[Result "0-1"]
[WhiteElo "1667"]
[BlackElo "1883"]
[PlyCount "79"]
[EventDate "2019.01.08"]
[EventType "swiss"]
[EventRounds "4"]
[EventCountry "CAN"]

1. c3 d5 2. Na3 e5 3. Nc2 Nf6 4. g3 Bf5 5. Nh3 h6 6. f3 Bc5 7. Ne3 Be6 8. Nf2
Nbd7 9. Bg2 c6 10. O-O Bb6 11. d3 Nf8 12. Nc2 Ng6 13. e4 h5 14. f4 exf4 15.
gxf4 Bg4 16. Qe1 dxe4 17. Bxe4 Nxe4 18. Qxe4+ Qe7 19. Qxe7+ Kxe7 20. d4 Nh4 21.
Ne3 Nf3+ 22. Kg2 Nh4+ 23. Kg1 Be2 24. Nf5+ Nxf5 25. Re1 Kd7 26. Rxe2 Rae8 27.
Rxe8 Rxe8 28. Bd2 Nh4 29. Kf1 Nf3 30. Rd1 Nxh2+ 31. Kg2 Ng4 32. Nxg4 hxg4 33.
Kg3 f5 34. Re1 Rh8 35. Re2 Rh3+ 36. Kg2 Bc7 37. Rf2 Ke6 38. Re2+ Kf6 39. Re3
Bxf4 40. Rxh3 0-1

[Event "Winnipeg TNT 2019.01"]
[Site "Winnipeg CAN"]
[Date "2019.01.22"]
[Round "3.4"]
[White "Atem, James"]
[Black "Paeldin, James"]
[Result "0-1"]
[WhiteElo "1810"]
[BlackElo "1751"]
[PlyCount "126"]
[EventDate "2019.01.08"]
[EventType "swiss"]
[EventRounds "4"]
[EventCountry "CAN"]

1. e4 d6 2. d4 c6 3. c4 Qc7 4. Nc3 e5 5. d5 Nf6 6. Bg5 Be7 7. Nf3 Bg4 8. h3 Bh5
9. g4 Bg6 10. Bd3 Nbd7 11. Nh4 Nc5 12. Nxg6 hxg6 13. Bc2 Nxd5 14. Nxd5 cxd5 15.
Bxe7 Qxe7 16. Qxd5 O-O 17. O-O-O Rfd8 18. Kb1 Ne6 19. h4 Rac8 20. b3 Nd4 21.
Qa5 b5 22. Bd3 Qf6 23. Qd2 Qf3 24. Qe3 b4 25. Rdg1 Qxe3 26. fxe3 Ne6 27. g5 a5
28. h5 gxh5 29. Rxh5 g6 30. Rh6 Kg7 31. Rh3 Rh8 32. Rhg3 Rh2 33. R3g2 Rch8 34.
Kb2 R8h5 35. Be2 Rxg2 36. Rxg2 Rxg5 37. Rxg5 Nxg5 38. Bd3 Kh6 39. a3 Kh5 40.
axb4 axb4 41. Kc2 Kg4 42. Be2+ Kg3 43. Kd3 Ne6 44. c5 dxc5 45. Kc4 Kf2 46. Bg4
Kxe3 47. Kd5 g5 48. Kxe5 c4 49. bxc4 b3 50. Bd1 b2 51. Bc2 g4 52. Kf6 g3 53.
Kxf7 Nd4 54. e5 g2 55. e6 Nxe6 56. Kxe6 g1=Q 57. c5 Qg2 58. Ba4 b1=Q 59. Bd7
Qg4+ 60. Ke7 Qh7+ 61. Kf6 Qgxd7 62. c6 Qxc6+ 63. Kg5 Qcg6# 0-1

[Event "Winnipeg TNT 2019.01"]
[Site "Winnipeg CAN"]
[Date "2019.01.22"]
[Round "3.5"]
[White "Remillard, John"]
[Black "Letain, Cory"]
[Result "0-1"]
[WhiteElo "1660"]
[BlackElo "1692"]
[PlyCount "54"]
[EventDate "2019.01.08"]
[EventType "swiss"]
[EventRounds "4"]
[EventCountry "CAN"]

1. g3 g6 2. Bg2 Bg7 3. f4 d5 4. e4 dxe4 5. Bxe4 Nf6 6. Bf3 O-O 7. d4 c5 8. Be3
cxd4 9. Bxd4 Qa5+ 10. Bc3 Qb6 11. Nd2 Nc6 12. Nc4 Qc7 13. Qe2 Rd8 14. Rd1 Be6
15. a3 Rxd1+ 16. Kxd1 Rd8+ 17. Nd2 Nd4 18. Qe3 Nxf3 19. Ngxf3 Ng4 20. Qe1 Bxc3
21. bxc3 Qxc3 22. h3 Qxf3+ 23. Kc1 Qxa3+ 24. Kb1 Ba2+ 25. Ka1 Bb3+ 26. Kb1 Qa2+
27. Kc1 Qxc2# 0-1

[Event "Winnipeg TNT 2019.01"]
[Site "Winnipeg CAN"]
[Date "2019.01.22"]
[Round "3.6"]
[White "Goodman, Clifford"]
[Black "MacPherson, Al"]
[Result "0-1"]
[WhiteElo "1642"]
[BlackElo "1680"]
[PlyCount "68"]
[EventDate "2019.01.08"]
[EventType "swiss"]
[EventRounds "4"]
[EventCountry "CAN"]

1. d4 d5 2. c4 e6 3. Nf3 Nf6 4. Nc3 c5 5. cxd5 exd5 6. Bf4 a6 7. e3 Be6 8. Bd3
Be7 9. O-O O-O 10. Qc2 Nc6 11. a3 Rc8 12. dxc5 Bxc5 13. Ng5 h6 14. Nh7 Nxh7 15.
Bxh7+ Kh8 16. Bf5 Ba7 17. Bxe6 fxe6 18. Qg6 Qf6 19. Qxf6 Rxf6 20. Rac1 Na5 21.
Be5 Rf7 22. Ne2 Rxc1 23. Rxc1 Nc4 24. Bc3 Nxe3 25. Bd4 Bxd4 26. Nxd4 Nc4 27.
Nxe6 Rf6 28. b3 Rxe6 29. bxc4 dxc4 30. g3 b5 31. a4 Rc6 32. Rb1 Rb6 33. a5 Rb7
34. Rb4 c3 0-1

[Event "Winnipeg TNT 2019.01"]
[Site "Winnipeg CAN"]
[Date "2019.01.22"]
[Round "3.7"]
[White "Czarny, Keith"]
[Black "Vight, Dylan"]
[Result "1-0"]
[WhiteElo "1635"]
[BlackElo "1667"]
[PlyCount "131"]
[EventDate "2019.01.08"]
[EventType "swiss"]
[EventRounds "4"]
[EventCountry "CAN"]

1. Nf3 Nf6 2. c4 c5 3. Nc3 Nc6 4. g3 e5 5. d3 Be7 6. Bg2 O-O 7. O-O d5 8. cxd5
Nxd5 9. Nxd5 Qxd5 10. Be3 f5 11. Nd4 Qd7 12. Nxc6 bxc6 13. Rc1 f4 14. Bxc5 fxg3
15. hxg3 Bxc5 16. Rxc5 Qd6 17. Rxc6 Qd7 18. Qc2 Qf5 19. d4 exd4 20. Qb3+ Kh8
21. Rc7 Be6 22. Qa3 Rad8 23. Qxa7 d3 24. exd3 Rxd3 25. Rxg7 Bf7 26. Qb7 Rd7 27.
Rxf7 Rfxf7 28. Qb3 Rf6 29. Qc3 Kg8 30. Qc8+ Kg7 31. a4 Rd2 32. Qxf5 Rxf5 33. b4
Rb2 34. b5 Ra2 35. b6 Rxa4 36. b7 Rb4 37. Rc1 Rb2 38. Rc7+ Kf6 39. f4 Rb1+ 40.
Kf2 Rfb5 41. Be4 R1b2+ 42. Kf1 Ra5 43. Rc1 Ra4 44. Bc6 Rab4 45. Rc5 Rd4 46. Rc1
Kf5 47. Bf3 Rd3 48. Rc5+ Kf6 49. Be2 Rxg3 50. Rb5 Rxb5 51. Bxb5 Rg8 52. Bd7 Rb8
53. Bc8 Ke7 54. Kf2 Kd8 55. Kg3 Rxc8 56. bxc8=Q+ Kxc8 57. Kg4 Kd7 58. Kg5 Ke7
59. Kf5 h6 60. Kg6 Kf8 61. Kxh6 Kf7 62. Kg5 Kg7 63. f5 Kf7 64. f6 Kg8 65. Kg6
Kf8 66. f7 1-0

[Event "Winnipeg TNT 2019.01"]
[Site "Winnipeg CAN"]
[Date "2019.01.22"]
[Round "3.8"]
[White "Trueman, Francis"]
[Black "Samson, Larry"]
[Result "0-1"]
[WhiteElo "1354"]
[BlackElo "1661"]
[PlyCount "92"]
[EventDate "2019.01.08"]
[EventType "swiss"]
[EventRounds "4"]
[EventCountry "CAN"]

1. Nf3 Nf6 2. d3 g6 3. g3 Bg7 4. Bg2 d6 5. O-O O-O 6. Nbd2 e5 7. e4 Nbd7 8. Re1
h6 9. h4 Nb6 10. a4 Bg4 11. Nf1 Qd7 12. c3 c5 13. a5 Nc8 14. Ne3 Bh3 15. Nh2
Bxg2 16. Kxg2 h5 17. g4 Ne7 18. Rg1 Kh7 19. Kh1 d5 20. gxh5 Nxh5 21. Qg4 Qxg4
22. Nexg4 dxe4 23. dxe4 b6 24. Bd2 Nc6 25. axb6 axb6 26. Rad1 Rfd8 27. Nf3 f6
28. Bc1 Na5 29. Rd5 Rxd5 30. exd5 Rd8 31. Rd1 Bf8 32. Be3 b5 33. Ra1 Nc4 34.
Ra7+ Kg8 35. Nh6+ Bxh6 36. Bxh6 Rxd5 37. Ra2 Kf7 38. b3 Nd6 39. Bd2 Ke6 40. b4
cxb4 41. cxb4 Nc4 42. Be1 Kf5 43. Kg2 Nf4+ 44. Kg3 Rd3 45. Rc2 e4 46. Rc3 Ne2+
0-1

[Event "Winnipeg TNT 2019.01"]
[Site "Winnipeg CAN"]
[Date "2019.01.22"]
[Round "3.10"]
[White "Gannon, Keith"]
[Black "Ott, Richard"]
[Result "1-0"]
[WhiteElo "1495"]
[BlackElo "1500"]
[PlyCount "83"]
[EventDate "2019.01.08"]
[EventType "swiss"]
[EventRounds "4"]
[EventCountry "CAN"]

1. Nf3 d5 2. e3 Nf6 3. c4 e6 4. d4 c5 5. dxc5 Bxc5 6. cxd5 exd5 7. Nc3 O-O 8.
Be2 Nc6 9. O-O Be6 10. a3 a6 11. b4 Bb6 12. b5 Na5 13. bxa6 bxa6 14. Na4 Bc7
15. Nc5 Nc4 16. Nxe6 fxe6 17. Bxc4 dxc4 18. Qxd8 Raxd8 19. Nd4 Rd6 20. a4 Re8
21. Ba3 Rd5 22. Rfc1 Ne4 23. Rxc4 Ba5 24. Rc6 e5 25. Nf5 Rd2 26. Ne7+ Kf7 27.
Rxa6 Bc3 28. Rb1 Rxe7 29. Bxe7 Kxe7 30. Rb7+ Rd7 31. Rxd7+ Kxd7 32. Ra7+ Kc8
33. Rxg7 Nf6 34. f3 h5 35. e4 h4 36. h3 Be1 37. Kf1 Bg3 38. a5 Ne8 39. Rg8 Kd7
40. a6 Nd6 41. Rg7+ Kc8 42. a7 1-0